[Event "78th GEO-ch Women 1st League 2021"]
[Site "Tbilisi"]
[Date "2021.03.24"]
[Round "7.6"]
[White "Javakhishvili, Mariam"]
[Black "Pipia, Ekaterine"]
[Result "0-1"]
[WhiteElo "1671"]
[BlackElo "2019"]
[Annotator "TA"]
[PlyCount "70"]
[EventDate "2021.03.18"]
[EventType "swiss"]
[EventCountry "GEO"]
[SourceTitle "playchess.com"]
[Source "ChessBase"]
[SourceQuality "1"]

{[%evp 12,70,26,27,29,37,44,37,28,36,48,44,43,36,70,13,16,18,43,23,111,104,115,117,121,117,114,88,110,45,51,-18,-23,-136,-49,-394,-377,-380,-375,-457,-434,-29991,-1957,-29994,-534,-568,-569,-1637,-320,-424,-419,-715,-713,-679,-689,-5779,-704,-650,-616,-725,-703]} 1. d4 d5 2. c4 e6 3. Nc3 Be7 4. Bf4 c6 5. e3 Nf6 6. cxd5 exd5 7. Bd3 Bg4 {D35: Queen's Gambit Declined: Exchange Variation.} 8. f3 Bh5 9. g4 Bg6 {White is slightly better.} 10. Nge2 Bd6 11. h4 Bxd3 12. Qxd3 Na6 {[#]} 13. a3 $146 (13. O-O-O $14) ({Predecessor:} 13. h5 Bxf4 14. Nxf4 Qe7 15. O-O-O O-O-O 16. Kb1 Nc7 17. g5 Nd7 18. g6 hxg6 19. hxg6 Rxh1 20. Rxh1 {0-1 (66) Ionov,S (2510)-Beliavsky,A (2655) Azov 1991}) 13... Bxf4 14. Nxf4 Qe7 15. Kf2 O-O-O (15... O-O $11 {remains equal.}) 16. b4 $16 Nc7 17. b5 Nxb5 18. Nxb5 cxb5 19. g5 Ne8 20. Rhc1+ (20. Qxb5 $16 {And now Rab1 would win.} Nc7 21. Qb4 Qxb4 22. axb4) 20... Kb8 21. Rc5 (21. Qxb5 $14 Nc7 22. Qb4 Qxb4 23. axb4) 21... h6 $11 22. Rac1 {[#]} (22. Qxb5 hxg5 23. Nxd5 Qd6 $17) (22. Rxb5 $2 Nc7 $19) (22. Nxd5 $11 Qd6 23. Nf4) 22... hxg5 (22... Nd6 $1 $17 23. Rc7 (23. Nxd5 Qd7 $15) (23. Rxd5 hxg5 24. Re5 Qf8 $17) 23... Rd7 24. Nxd5 Qd8 25. Rxd7 Qxd7 26. gxh6 Qh3 27. hxg7 Qxh4+ 28. Ke2 Qh2+ 29. Kd1 Qg1+ 30. Kc2 Qxg7) 23. Qc3 $2 {[%mdl 8192] This costs White the game.} Nd6 $19 24. Nxd5 Qe6 25. e4 {Now e5 and White clings on.} ({Not} 25. Qa5 Qh3 $19) 25... Rxh4 26. Qa5 {[#]} (26. Ne3 $19 g4 27. Nxg4 (27. Rd5 $2 Rc8 $19) 27... Rxg4 28. Re5) 26... b6 (26... Nxe4+ $142 27. Ke3 Nxc5+ 28. Kd2 Rh2+ 29. Kc3 Rxd5 30. Qc7+ Kxc7 31. Rc2 Qe3+ {[%mdl 64] Double Attack} 32. Kb2 Rxd4 33. Rxh2 Qb3+ 34. Kc1 Rd1#) 27. Nxb6 Nb7 (27... Nxe4+ $142 28. Ke2 Rh2+ 29. Kd3 Nxc5+ 30. Rxc5 Qe2+ {[%mdl 64] Double Attack} 31. Kc3 Qd2+ {[%mdl 64] Double Attack} 32. Kb3 Qb2#) 28. Qxb5 {White threatens Nd7+! and mate.} axb6 29. Rc6 Qh3 (29... Qa2+ 30. R6c2 Rh2+ 31. Kg3 Rxc2 32. Rxc2 Qxc2 33. Qxg5 Rh8) 30. Qxb6 Qh2+ 31. Ke3 (31. Kf1 $142 g4 32. Qc7+ Qxc7 33. Rxc7) 31... Qf4+ {Black is clearly winning.} 32. Kd3 Qxf3+ 33. Kc4 Qe2+ 34. Kb3 Qd3+ ({Weaker is} 34... Qxe4 35. Qc7+ Ka7 36. Qb6+ Kb8 37. Qc7+ {[%mdl 64] Double Attack} Ka7 38. Qb6+ Kb8 $11) 35. R1c3 Qb1+ {Weighted Error Value: White=1.24/Black=0.90} 0-1

[Event "78th GEO-ch Women 1st League 2021"]
[Site "Tbilisi"]
[Date "2021.03.24"]
[Round "7.7"]
[White "Sordia, Marta"]
[Black "Antia, Sopia"]
[Result "1/2-1/2"]
[WhiteElo "1226"]
[BlackElo "1594"]
[Annotator "NA RC"]
[PlyCount "86"]
[EventDate "2021.03.18"]
[EventType "swiss"]
[EventCountry "GEO"]
[SourceTitle "playchess.com"]
[Source "ChessBase"]
[SourceQuality "1"]
[TimeControl "5400+30"]

1. e4 {[%emt 0:00:00]} c5 {[%emt 0:00:00]} 2. Nf3 {[%emt 0:00:00]} Nc6 {[%emt 0:00:00]} 3. d4 {[%emt 0:00:00]} cxd4 {[%emt 0:00:00]} 4. Nxd4 {[%emt 0:00:00]} e5 {[%emt 0:00:00]} 5. Nb5 {[%emt 0:00:03]} a6 {[%emt 0:00:00]} 6. Nd6+ {[%emt 0:01:37]} Bxd6 {[%emt 0:00:05]} 7. Qxd6 {[%emt 0:00:03]} Qf6 {[%emt 0:00:05]} 8. Qxf6 {[%emt 0:01:11]} Nxf6 {[%emt 0:00:06]} 9. Nc3 {[%emt 0:00:02]} Nb4 {[%emt 0:00:14]} 10. Bd3 {[%emt 0:00:58]} h6 {[%emt 0:00:06]} 11. O-O {[%emt 0:01:04]} Nxd3 {[%emt 0:00:14]} 12. cxd3 {[%emt 0:00:04]} d6 {[%emt 0:00:40]} 13. f3 {[%emt 0:00:45]} Be6 {[%emt 0:00:17]} 14. Be3 {[%emt 0:00:35]} O-O {[%emt 0:01:26]} 15. d4 {[%emt 0:03:03]} b5 {[%emt 0:03:19]} 16. d5 {[%emt 0:09:06]} Bc8 {[%emt 0:02:31]} 17. b4 {[%emt 0:01:37]} Bb7 {[%emt 0:01:35]} 18. Rfc1 {[%emt 0:05:08]} Rac8 {[%emt 0:04:12]} 19. Ne2 {[%emt 0:01:39]} Nd7 {[%emt 0:02:35]} 20. Rxc8 {[%emt 0:01:37]} Rxc8 {[%emt 0:00:10]} 21. Rc1 {[%emt 0:00:03]} Rxc1+ {[%emt 0:00:51]} 22. Nxc1 {[%emt 0:00:02]} f5 {[%emt 0:00:14]} 23. Ne2 {[%emt 0:00:08]} fxe4 {[%emt 0:01:53]} 24. fxe4 {[%emt 0:00:03]} Kf7 {[%emt 0:00:37]} 25. h3 {[%emt 0:03:11]} Ke8 {[%emt 0:01:13]} 26. Nc3 {[%emt 0:02:06]} Nf6 {[%emt 0:01:17]} 27. Kf2 {[%emt 0:01:18]} Bc8 {[%emt 0:00:32]} 28. Kf3 {[%emt 0:03:05]} Bd7 {[%emt 0:01:28]} 29. a3 {[%emt 0:03:32]} Ke7 {[%emt 0:00:12]} 30. Bd2 {[%emt 0:00:43]} Be8 {[%emt 0:00:49]} 31. g4 {[%emt 0:03:20]} Kf7 {[%emt 0:01:27]} 32. Be3 {[%emt 0:01:40]} Bd7 {[%emt 0:00:33]} 33. Nd1 {[%emt 0:04:28]} g5 {[%emt 0:04:16]} 34. Nf2 {[%emt 0:02:34]} Kg6 {[%emt 0:00:10]} 35. Bb6 {[%emt 0:01:20]} h5 {[%emt 0:02:49]} 36. Bd8 {[%emt 0:02:50]} hxg4+ {[%emt 0:02:14]} 37. hxg4 {[%emt 0:00:39]} Kf7 {[%emt 0:02:14]} 38. Bxf6 {[%emt 0:00:52]} Kxf6 {[%emt 0:00:05]} 39. Nh1 {[%emt 0:00:37]} Ke7 {[%emt 0:00:30]} 40. Ng3 {[%emt 0:00:10]} Kd8 {[%emt 0:01:12]} 41. Nf5 {[%emt 0:01:13]} Kc7 {[%emt 0:00:13]} 42. Nh6 {[%emt 0:00:21]} Be8 {[%emt 0:00:34]} 43. Nf5 {[%emt 0:00:43]} Bd7 {[%emt 0:03:43]} 1/2-1/2

[Event "78th GEO-ch Women 1st League 2021"]
[Site "Tbilisi"]
[Date "2021.03.24"]
[Round "7.8"]
[White "Tasoshvili, Tamar"]
[Black "Mgeladze, Kesaria"]
[Result "0-1"]
[WhiteElo "1528"]
[BlackElo "1380"]
[Annotator "NA RC"]
[PlyCount "84"]
[EventDate "2021.03.18"]
[EventType "swiss"]
[EventCountry "GEO"]
[SourceTitle "playchess.com"]
[Source "ChessBase"]
[SourceQuality "1"]
[TimeControl "5400+30"]

1. d4 {[%emt 1:30:30]} Nf6 {[%emt 0:00:57]} 2. Nf3 {[%emt 0:00:00]} g6 {[%emt 0:01:16]} 3. c4 {[%emt 0:00:00]} Bg7 {[%emt 0:01:15]} 4. Nc3 {[%emt 0:00:00]} O-O {[%emt 0:01:25]} 5. e4 {[%emt 0:00:00]} d6 {[%emt 0:01:00]} 6. h3 {[%emt 0:00:00]} e5 {[%emt 1:27:07]} 7. d5 {[%emt 0:03:00]} a5 {[%emt 0:00:30]} 8. Be3 {[%emt 0:00:30]} Na6 {[%emt 0:00:30]} 9. Bd3 {[%emt 0:00:30]} Nd7 {[%emt 0:00:30]} 10. a3 {[%emt 0:00:30]} Nac5 {[%emt 0:00:30]} 11. O-O {[%emt 0:00:30]} f5 {[%emt 0:00:30]} 12. Bxc5 {[%emt 0:00:00]} Nxc5 {[%emt 0:00:30]} 13. Qc2 {[%emt 0:00:00]} fxe4 {[%emt 0:00:30]} 14. Bxe4 {[%emt 0:00:00]} Nxe4 {[%emt 0:00:00]} 15. Qxe4 {[%emt 0:00:00]} Rf4 {[%emt 0:00:00]} 16. Qe2 {[%emt 0:00:00]} g5 {[%emt 0:01:30]} 17. Nh2 {[%emt 0:03:00]} Bd7 {[%emt 0:00:30]} 18. f3 {[%emt 0:00:30]} h5 {[%emt 0:00:30]} 19. g4 {[%emt 0:00:30]} Qe7 {[%emt 0:00:00]} 20. Ne4 {[%emt 0:00:00]} h4 {[%emt 0:00:00]} 21. Rfd1 {[%emt 0:00:00]} Raf8 {[%emt 0:00:00]} 22. Kg2 {[%emt 0:00:00]} Be8 {[%emt 0:00:00]} 23. Rac1 {[%emt 0:00:00]} Bg6 {[%emt 0:00:00]} 24. Rf1 {[%emt 0:00:00]} Bh6 {[%emt 0:00:00]} 25. b4 {[%emt 0:00:00]} axb4 {[%emt 0:00:00]} 26. axb4 {[%emt 0:00:00]} Qh7 {[%emt 0:04:00]} 27. Rce1 {[%emt 0:00:00]} Ra8 28. c5 {[%emt 0:04:30]} Ra3 {[%emt 0:01:00]} 29. cxd6 {[%emt 0:00:30]} Bxe4 {[%emt 0:00:30]} 30. dxc7 {[%emt 0:00:00]} Qxc7 {[%emt 0:00:00]} 31. fxe4 {[%emt 0:00:00]} Rg3+ {[%emt 0:00:00]} 32. Kh1 {[%emt 0:00:00]} Rxh3 {[%emt 0:00:00]} 33. Rxf4 {[%emt 0:00:00]} gxf4 {[%emt 0:00:00]} 34. Qb5 {[%emt 0:00:00]} f3 {[%emt 0:00:00]} 35. Qf1 {[%emt 0:00:00]} Rg3 {[%emt 0:00:00]} 36. Nxf3 {[%emt 0:00:00]} Qc3 {[%emt 0:00:00]} 37. Nh2 {[%emt 0:00:00]} Bf4 {[%emt 0:00:00]} 38. Re2 {[%emt 0:00:00]} Rh3 {[%emt 0:00:00]} 39. Rg2 {[%emt 0:00:00]} Qxb4 {[%emt 0:00:00]} 40. Re2 {[%emt 0:00:00]} Qc3 {[%emt 0:00:00]} 41. Rg2 {[%emt 0:00:00]} Qe3 {[%emt 0:00:00]} 42. Re2 {[%emt 0:03:16]} Qd3 {[%emt 0:00:00]} 0-1

[Event "78th GEO-ch Women 1st League 2021"]
[Site "Tbilisi"]
[Date "2021.03.24"]
[Round "7.9"]
[White "Dolakidze, Mariam"]
[Black "Gvatua, Mariam"]
[Result "1/2-1/2"]
[WhiteElo "1416"]
[BlackElo "1343"]
[Annotator "NA RC"]
[PlyCount "64"]
[EventDate "2021.03.18"]
[EventType "swiss"]
[EventCountry "GEO"]
[SourceTitle "playchess.com"]
[Source "ChessBase"]
[SourceQuality "1"]
[TimeControl "5400+30"]

1. Nf3 {[%emt 0:04:41]} d5 {[%emt 0:00:00]} 2. g3 {[%emt 0:00:20]} Nc6 {[%emt 0:00:00]} 3. d4 {[%emt 0:00:09]} Bg4 {[%emt 0:00:00]} 4. Bg2 {[%emt 0:00:05]} Qd7 {[%emt 0:00:00]} 5. h3 {[%emt 0:00:33]} Bxf3 {[%emt 0:00:00]} 6. Bxf3 {[%emt 0:00:05]} O-O-O {[%emt 0:00:00]} 7. e3 {[%emt 0:00:29]} e5 {[%emt 0:00:19]} 8. dxe5 {[%emt 0:00:07]} Nxe5 {[%emt 0:00:03]} 9. Bg2 {[%emt 0:00:05]} Nf6 {[%emt 0:00:31]} 10. b3 {[%emt 0:01:07]} Bb4+ {[%emt 0:02:30]} 11. Bd2 {[%emt 0:00:21]} Bxd2+ {[%emt 0:00:13]} 12. Nxd2 {[%emt 0:00:04]} d4 {[%emt 0:03:41]} 13. e4 {[%emt 0:12:43]} Rhe8 {[%emt 0:01:04]} 14. O-O {[%emt 0:00:17]} Ng6 {[%emt 0:00:34]} 15. Re1 {[%emt 0:03:23]} Qb5 {[%emt 0:01:12]} 16. Qe2 {[%emt 0:00:36]} Qxe2 {[%emt 0:00:11]} 17. Rxe2 {[%emt 0:00:06]} c5 {[%emt 0:00:09]} 18. Nc4 {[%emt 0:00:27]} Ne5 {[%emt 0:00:23]} 19. Nxe5 {[%emt 0:00:42]} Rxe5 {[%emt 0:00:52]} 20. f4 {[%emt 0:03:22]} Ree8 {[%emt 0:00:12]} 21. e5 {[%emt 0:00:04]} Nd5 {[%emt 0:00:10]} 22. Bxd5 {[%emt 0:00:05]} Rxd5 {[%emt 0:00:04]} 23. Rae1 {[%emt 0:00:09]} Kd7 {[%emt 0:00:18]} 24. a3 {[%emt 0:02:06]} a6 {[%emt 0:00:07]} 25. a4 {[%emt 0:00:36]} a5 {[%emt 0:00:11]} 26. Kf2 {[%emt 0:00:07]} b6 {[%emt 0:00:14]} 27. Rd2 {[%emt 0:00:20]} h6 {[%emt 0:00:21]} 28. h4 {[%emt 0:00:23]} Kc6 {[%emt 0:00:17]} 29. Kf3 {[%emt 0:00:56]} h5 {[%emt 0:00:15]} 30. Ree2 {[%emt 0:00:28]} g6 {[%emt 0:00:07]} 31. Kf2 {[%emt 0:00:07]} Re6 {[%emt 0:00:15]} 32. Rd1 {[%emt 0:02:24]} Re7 {[%emt 0:01:40]} 1/2-1/2

[Event "78th GEO-ch Women 1st League 2021"]
[Site "Tbilisi"]
[Date "2021.03.24"]
[Round "7.10"]
[White "Esadze, Tamari"]
[Black "Bedoshvili, Dea"]
[Result "1-0"]
[WhiteElo "1889"]
[BlackElo "1667"]
[Annotator "NA RC"]
[PlyCount "77"]
[EventDate "2021.03.18"]
[EventType "swiss"]
[EventCountry "GEO"]
[SourceTitle "playchess.com"]
[Source "ChessBase"]
[SourceQuality "1"]
[TimeControl "5400+30"]

1. e4 {[%emt 0:00:00]} g6 {[%emt 0:04:29]} 2. d4 {[%emt 0:00:00]} Bg7 {[%emt 0:00:05]} 3. Nc3 {[%emt 0:00:00]} d6 {[%emt 0:00:02]} 4. Nf3 {[%emt 0:00:00]} Nd7 {[%emt 0:00:08]} 5. Bc4 {[%emt 0:00:22]} e6 {[%emt 0:01:07]} 6. O-O {[%emt 0:00:23]} a6 {[%emt 0:00:37]} 7. a4 {[%emt 0:00:11]} Ne7 {[%emt 0:00:15]} 8. Be3 {[%emt 0:01:20]} O-O {[%emt 0:00:47]} 9. Qd2 {[%emt 0:01:27]} c5 {[%emt 0:01:42]} 10. dxc5 {[%emt 0:09:16]} dxc5 {[%emt 0:00:10]} 11. Qd6 {[%emt 0:08:10]} Qb6 {[%emt 0:16:05]} 12. Qxb6 {[%emt 0:15:22]} Nxb6 {[%emt 0:00:05]} 13. Bb3 {[%emt 0:00:51]} Nd7 {[%emt 0:02:08]} 14. a5 {[%emt 0:05:17]} Nc6 {[%emt 0:04:20]} 15. Rfd1 {[%emt 0:02:14]} Bf6 {[%emt 0:13:25]} 16. Ba4 {[%emt 0:04:00]} Be7 {[%emt 0:03:14]} 17. Bxc6 {[%emt 0:01:12]} bxc6 {[%emt 0:00:04]} 18. Na4 {[%emt 0:02:03]} e5 {[%emt 0:04:48]} 19. Nb6 {[%emt 0:03:42]} Nxb6 {[%emt 0:01:18]} 20. axb6 {[%emt 0:00:02]} Rb8 {[%emt 0:01:40]} 21. Nxe5 {[%emt 0:00:38]} Rxb6 {[%emt 0:00:04]} 22. Nd7 {[%emt 0:08:28]} Bxd7 {[%emt 0:00:08]} 23. Rxd7 {[%emt 0:00:02]} Re8 {[%emt 0:02:28]} 24. Rxe7 {[%emt 0:00:03]} Rxe7 {[%emt 0:00:07]} 25. Bxc5 {[%emt 0:00:02]} Reb7 {[%emt 0:00:11]} 26. Bxb6 {[%emt 0:00:04]} Rxb6 {[%emt 0:00:04]} 27. b3 {[%emt 0:00:11]} Kg7 {[%emt 0:00:13]} 28. Kf1 {[%emt 0:03:11]} Kf6 {[%emt 0:00:16]} 29. Ra5 {[%emt 0:00:14]} Ke6 {[%emt 0:00:24]} 30. Ke2 {[%emt 0:00:03]} f6 {[%emt 0:00:46]} 31. Kd3 {[%emt 0:00:25]} Kd6 {[%emt 0:01:27]} 32. Kc4 {[%emt 0:00:48]} Rb8 {[%emt 0:09:25]} 33. Rxa6 {[%emt 0:00:55]} Re8 {[%emt 0:00:02]} 34. Kd4 {[%emt 0:00:42]} h5 {[%emt 0:01:33]} 35. c4 {[%emt 0:01:50]} Rb8 {[%emt 0:01:37]} 36. c5+ {[%emt 0:00:08]} Kd7 {[%emt 0:00:42]} 37. Kc4 {[%emt 0:01:48]} Re8 {[%emt 0:00:05]} 38. Ra7+ {[%emt 0:00:29]} Ke6 {[%emt 0:00:13]} 39. Rc7 {[%emt 0:33:37]} 1-0

[Event "78th GEO-ch Women 1st League 2021"]
[Site "Tbilisi"]
[Date "2021.03.24"]
[Round "7.11"]
[White "Mkrtchyan, Aida"]
[Black "Mamardashvili, Ana"]
[Result "0-1"]
[WhiteElo "1156"]
[BlackElo "1416"]
[Annotator "NA RC"]
[PlyCount "78"]
[EventDate "2021.03.18"]
[EventType "swiss"]
[EventCountry "GEO"]
[SourceTitle "playchess.com"]
[Source "ChessBase"]
[SourceQuality "1"]
[TimeControl "5400+30"]

1. e4 {[%emt 0:00:00]} e5 {[%emt 0:03:59]} 2. Nf3 {[%emt 0:00:00]} Nc6 {[%emt 0:00:06]} 3. d4 {[%emt 0:00:06]} exd4 {[%emt 0:00:21]} 4. Bc4 {[%emt 0:00:22]} Be7 {[%emt 0:09:10]} 5. c3 {[%emt 0:01:26]} d3 {[%emt 0:01:34]} 6. Qxd3 {[%emt 0:01:03]} d6 {[%emt 0:01:18]} 7. O-O {[%emt 0:03:49]} Nf6 {[%emt 0:02:15]} 8. Bb5 {[%emt 0:02:44]} Bd7 {[%emt 0:05:24]} 9. Bf4 {[%emt 0:02:58]} O-O {[%emt 0:00:49]} 10. Nbd2 {[%emt 0:02:51]} a6 {[%emt 0:02:31]} 11. Ba4 {[%emt 0:00:44]} Ne5 {[%emt 0:04:05]} 12. Qc2 {[%emt 0:01:24]} Ng6 {[%emt 0:12:09]} 13. Bg3 {[%emt 0:02:11]} b5 {[%emt 0:00:41]} 14. Bb3 {[%emt 0:00:38]} c5 {[%emt 0:02:37]} 15. c4 {[%emt 0:01:59]} Nh5 {[%emt 0:04:07]} 16. Qd3 {[%emt 0:02:49]} Nxg3 {[%emt 0:05:42]} 17. fxg3 {[%emt 0:00:17]} Qc7 {[%emt 0:00:37]} 18. cxb5 {[%emt 0:02:07]} axb5 {[%emt 0:00:14]} 19. Bd5 {[%emt 0:00:36]} Rac8 {[%emt 0:01:40]} 20. h4 {[%emt 0:02:22]} c4 {[%emt 0:00:57]} 21. Qe2 {[%emt 0:02:37]} Qc5+ {[%emt 0:02:17]} 22. Kh1 {[%emt 0:01:04]} Bg4 {[%emt 0:01:31]} 23. Rac1 {[%emt 0:05:07]} Ne5 {[%emt 0:03:17]} 24. Nb3 {[%emt 0:02:51]} Qa7 {[%emt 0:00:40]} 25. Nbd4 {[%emt 0:01:03]} Qxd4 {[%emt 0:05:11]} 26. Nxd4 {[%emt 0:02:21]} Bxe2 {[%emt 0:00:04]} 27. Nxe2 {[%emt 0:00:28]} Nd3 {[%emt 0:00:40]} 28. Rb1 {[%emt 0:03:28]} Bf6 {[%emt 0:02:19]} 29. Nc3 {[%emt 0:02:01]} b4 {[%emt 0:00:37]} 30. Nb5 {[%emt 0:01:08]} Be5 {[%emt 0:04:05]} 31. g4 {[%emt 0:04:12]} c3 {[%emt 0:01:27]} 32. bxc3 {[%emt 0:01:51]} bxc3 {[%emt 0:00:12]} 33. a4 {[%emt 0:01:40]} c2 {[%emt 0:00:47]} 34. a5 {[%emt 0:00:21]} cxb1=Q {[%emt 0:00:31]} 35. Rxb1 {[%emt 0:00:18]} Nc5 {[%emt 0:04:40]} 36. Na3 {[%emt 0:03:52]} Rb8 {[%emt 0:01:09]} 37. Rf1 {[%emt 0:01:05]} Rb4 {[%emt 0:02:13]} 38. g5 {[%emt 0:02:12]} Nxe4 {[%emt 0:01:18]} 39. Nc4 {[%emt 0:00:59]} Ng3+ {[%emt 0:00:14]} 0-1

[Event "78th GEO-ch Women 1st League 2021"]
[Site "Tbilisi"]
[Date "2021.03.25"]
[Round "8.1"]
[White "Vakhania, Alexandra"]
[Black "Mikadze, Miranda"]
[Result "1/2-1/2"]
[WhiteElo "2134"]
[BlackElo "2269"]
[Annotator "TA"]
[PlyCount "124"]
[EventDate "2021.03.18"]
[EventType "swiss"]
[EventCountry "GEO"]
[SourceTitle "playchess.com"]
[Source "ChessBase"]
[SourceQuality "1"]

{[%evp 15,124,9,0,-24,-25,-29,-15,-19,-23,-29,-31,-41,-40,-48,-5,-4,-11,-27,0,0,0,0,0,0,0,0,48,0,0,0,0,0,0,0,0,-5,-6,-7,0,0,14,-72,-40,-79,-79,-79,-79,-80,-64,-89,-89,-89,-89,-89,-89,-89,-89,-89,-89,-89,-89,-138,-52,-323,0,-89,-89,-89,-80,-89,-8,-8,-8,-8,0,0,0,-47,-47,-47,-47,-47,-47,-47,-47,-47,-47,-47,-47,-47,-47,-47,-8,-47,-8,-47,-47,-47,-47,-47,-47,-47,-47,-47,-47,-47,-8,-8,-8,-8,-8]} 1. c4 Nf6 2. Nf3 c6 3. g3 d5 4. cxd5 cxd5 5. Bg2 Nc6 6. d4 e6 7. O-O Bd6 8. Nc3 O-O 9. Bf4 {D13: Slav Defence: Exchange variation without ...Bf5.} Bxf4 10. gxf4 b6 11. Ne5 Bb7 12. Rc1 {[#]} Ne7 $146 ({Predecessor:} 12... Rc8 13. Qa4 a6 14. e3 b5 15. Qd1 Qe7 16. Qd2 Rc7 17. f3 Rfc8 18. Ne2 Nd7 {½-½ (64) Samoun,F (2116)-Daurelle,H (2196) Nancy 2013}) 13. Kh1 Nf5 14. Rg1 Ne4 15. Nxe4 dxe4 16. e3 Rc8 17. Qa4 a6 18. Qd7 Bd5 19. Qxd8 Rfxd8 20. Nd7 b5 (20... Bxa2 {seems wilder.} 21. Rxc8 Rxc8 22. Ra1 Bd5 23. Nxb6 Rc2) 21. Nc5 Nd6 22. Nxa6 Bxa2 23. Rc5 Kf8 24. Rgc1 Bc4 25. Kg1 Ra8 26. Nc7 Ra2 27. b3 $1 {[%cal Rb3c4]} Bd3 28. Bf1 {[#]} (28. Bh3 $11 {remains equal.}) 28... Rb2 $1 $17 29. Nxb5 Nxb5 30. Bxd3 Nxd4 ({Reject} 30... exd3 31. Rxb5 Ra8 32. Rb7 $11) 31. Rc8 {[#]} Ke8 {Strongly threatening ...Nf3+.} 32. Rxd8+ (32. Ba6 Nf3+) 32... Kxd8 $15 {[%mdl 4096] Endgame KRB-KRN} 33. Rd1 {Threatens to win with Bc4.} Nf3+ ({Don't play} 33... exd3 34. Rxd3 Rxb3 35. Rxd4+ Ke8 36. Kg2 $11) 34. Kg2 {[#]} Ne1+ $1 35. Rxe1 {Rb1 is the strong threat.} exd3 $17 {KR-KR} 36. Kf3 Rxb3 37. Rd1 Ke7 38. Rd2 Kd6 (38... f5 $17 39. e4 Kf6 40. e5+ Kg6) 39. Ke4 $2 {[%mdl 8192]} (39. e4 $1 $15) 39... Ke7 $2 ({Better is} 39... Kc5 $19 {And now ...Kc4 would win.} 40. Rd1 Kc4 41. Rc1+ Rc3) 40. Rxd3 (40. Kf3 $1 $11 {keeps the balance.}) 40... f5+ 41. Kd4 Rb2 42. Ke5 Rxf2 (42... Rb5+ $17 43. Kd4 Rb4+ 44. Kc3 Rb1) 43. Rd6 $11 Rxh2 44. Rxe6+ Kf7 45. Ra6 Re2 46. Kxf5 (46. Ra3 {keeps more tension.} g6 47. Ra7+ Ke8 48. Rxh7 Rxe3+ 49. Kf6) 46... Rxe3 47. Kg5 Re7 48. f5 Rc7 49. Rb6 h6+ (49... Rd7 {looks sharper.} 50. Rb5 h6+ 51. Kf4 Ra7 52. Rb6 Ra4+) 50. Kf4 Rc1 51. Rb7+ Kg8 52. Kg4 Rc4+ 53. Kg3 Kf8 54. Ra7 (54. f6 $5) 54... Re4 55. Kf3 (55. f6 $5) 55... Re7 (55... Re1 {feels hotter.} 56. Kf4 Rf1+ 57. Ke4 Rd1 58. Kf4 Rd6) 56. Ra6 Kf7 57. Kf4 Rb7 58. Ke5 Rb5+ 59. Kf4 Rb4+ 60. Ke5 Rg4 61. Ra7+ Kg8 62. f6 Rg5+ {Weighted Error Value: White=0.17/Black=0.15} 1/2-1/2

[Event "78th GEO-ch Women 1st League 2021"]
[Site "Tbilisi"]
[Date "2021.03.25"]
[Round "8.2"]
[White "Lomaia, Diana"]
[Black "Tsotsonava, Elene"]
[Result "1-0"]
[WhiteElo "1946"]
[BlackElo "1805"]
[Annotator "TA"]
[PlyCount "95"]
[EventDate "2021.03.18"]
[EventType "swiss"]
[EventCountry "GEO"]
[SourceTitle "playchess.com"]
[Source "ChessBase"]
[SourceQuality "1"]

{[%evp 13,95,24,30,18,47,27,35,12,8,24,43,12,9,3,17,0,10,8,9,3,11,6,12,-12,0,0,0,-5,-5,-5,-6,-12,-12,-12,-12,-12,95,89,89,89,135,130,137,140,125,135,138,144,217,216,227,227,227,227,232,232,227,229,225,239,372,368,354,364,360,356,461,453,1164,1169,1102,844,5289,4922,5550,1225,2380,2302,1975,1614,10925,10483,6099,3459]} 1. d4 d5 2. c4 dxc4 3. Nf3 c5 4. e3 cxd4 5. Qxd4 Qxd4 6. Nxd4 a6 7. Bxc4 Nf6 8. O-O {[#] D21: Queen's Gambit Accepted: 3 Nf3 sidelines.} g6 $146 ({Predecessor:} 8... Bd7 9. f3 Nc6 10. Nxc6 Bxc6 11. e4 Rc8 12. Nc3 e6 13. Be3 Bxe4 14. Bxe6 fxe6 15. Nxe4 Nxe4 16. fxe4 {½-½ (33) Fridman,D (2633)-Predke,A (2622) St Petersburg 2018}) 9. b3 Bg7 10. Bb2 {White is slightly better.} O-O 11. Nd2 Bd7 12. Rac1 Nc6 13. Nxc6 Bxc6 14. Nf3 Bxf3 15. gxf3 b5 16. Be2 Nd5 17. Bxg7 Kxg7 18. a3 Rac8 19. f4 Nc3 20. Bf3 Rfd8 21. Kg2 a5 22. Rc2 b4 23. axb4 axb4 24. Ra1 Rd3 (24... Rb8 $11 {remains equal.}) 25. Ra7 $16 {Black is now going downhill.} Rb8 26. Rxe7 Nb5 27. Be2 Rxb3 {[#]} 28. Rxf7+ $3 {[%mdl 576] Decoy} Kxf7 29. Bc4+ {[%mdl 64] Double Attack} Kf6 30. Bxb3 {[%mdl 4096] Endgame KRB-KRN} Nc3 {[#]} (30... Rb7 $16 31. Rc4 Nd6) 31. Rd2 $1 $18 Ke7 {[#]} 32. Rd4 $1 Ne2 33. Rc4 Rb7 34. Kf3 Nc3 35. Rd4 Nb1 36. Kg4 Rb5 (36... Nc3 {is a better defense.} 37. e4 h5+ 38. Kg5 Ne2) 37. e4 Nc3 38. e5 Ne2 39. Rc4 Rd5 {Now ...Rd4 and Black clings on.} 40. Rxb4 {White is clearly winning.} Rd4 (40... Rd7 $142 41. Kg5 Nc3) 41. Rxd4 Nxd4 {KB-KN} 42. Bc4 Nc6 43. Kg5 Nd4 44. Bd5 (44. Kh6 $142 Nf3 45. Kxh7) 44... Ne2 45. f5 gxf5 46. Kxf5 h5 47. h4 Nd4+ 48. Ke4 {Weighted Error Value: White=0.04/Black=0.26} 1-0